000 00578nam a2200241Ia 4500
005 20251020182448.0
008 200515s9999 xx 000 0 und d
020 _a970-26-0027-8
082 _a620.11:62/M22
100 _aMangonon, Pat L.
245 0 _aCiencia de materiales : selección y diseño
250 _a1a ed.
260 _aMéxico, D.F.
260 _bPrentice Hall
260 _c2001
300 _a824
300 _bil., tbl., graf.
500 _a1 ejemplar
650 _aCIENCIA DE MATERIALES
650 _aMATERIALES
942 _cLIB
999 _c771
_d771